000 00816nam a2200241Ii 4500
003 JO-AjNU
008 230605s9999||||xx |||||||||||||| ||und||
017 _a2011/8/3019
020 _a978-9957-417-34-5
040 _aJO-AjNU
_bara
_erda
_cJO-AjNU
041 _aara
050 1 4 _aDS109.9.I2638 2011
100 3 _aمنتدى الفكر العربي,
_eauthor
_949912
245 0 0 _aالقدس في الضمير
250 _aط1
264 3 1 _aعمان: دار ورد، 2011
300 _a344ص
_bيشتمل على ملاحق (287-332 ) وصور فوتوغرافية
336 _atext
_btxt
_2rdacontent
337 _aunmediated
_bn
_2rdamedia
338 _avolume
_bnc
_2rdacarrier
490 0 _aسلسلة الحوارات العربية؛ 2/2009
650 4 _aالقدس- فلسطين - تاريخ
_949913
999 _aA21953
_c25521
_d25521